| 000 | 00830nam a2200241Ia 4500 | ||
|---|---|---|---|
| 003 | OSt | ||
| 005 | 20220925203931.0 | ||
| 006 | a|||||r|||| 00| 0 | ||
| 007 | ta | ||
| 008 | 220923b |||||||| |||| 00| 0 eng d | ||
| 020 |
_a0810122375 _c1784.2 |
||
| 037 |
_b839, 30/01/2014, Pranami Book Service _cGeneral Book |
||
| 040 |
_aRTL _cRTL _beng |
||
| 041 |
_2eng _aeng |
||
| 082 | _aY9(4).73.N, M0;P4/TD1 | ||
| 100 |
_aGANS Herbert J _9131786 |
||
| 245 | 0 |
_aDeciding what's news _b A study of CBS evening news, NBC nightly news, Newsweek, and Time. |
|
| 260 |
_aEvanston _bNorthwestern University Press _c2004 |
||
| 300 |
_axxvii,393p. _ccm. |
||
| 650 | _aSociology | ||
| 942 |
_hY9(4).73.N, M0;P4/TD1 _cGB _2CC |
||
| 999 |
_c548134 _d548134 |
||